| 000 | 00639nam a22001937a 4500 | ||
|---|---|---|---|
| 005 | 20240813153538.0 | ||
| 010 | _aENG-141220 | ||
| 020 |
_a9789393219541 _c500.00 |
||
| 035 | _aEN-124752 | ||
| 037 | _bDBAD | ||
| 082 |
_aN _2First |
||
| 100 |
_aVijendra Pratap Singh _969955 |
||
| 245 |
_aThird Gender in Hindi Novels/ _cby Vijendra Pratap Singh and translated by Neelesh |
||
| 260 |
_aDelhi _bRising Stars _c2024 |
||
| 270 |
_a600/5-A, Adarsh Mohalla, Gali No.-15, Maujpur _bDelhi _e110053 _k9891985727 _mPushpenderkumar163@gmail.com |
||
| 300 |
_a155P; _c22cm(hb) |
||
| 700 |
_969414 _aTranslated by Neelesh |
||
| 942 |
_2ddc _cEN _hN _mVIJ |
||
| 999 |
_c204818 _d204818 |
||